[Event "Oberliga Nord N 9798"]
[Site "Germany"]
[Date "1997.??.??"]
[Round "?"]
[White "Behnke, Dieter"]
[Black "Kahlert, Thomas"]
[Result "1/2-1/2"]
[WhiteElo "2240"]
[BlackElo "2285"]
[PlyCount "123"]
[EventDate "1997.10.??"]
[EventType "team"]
[EventRounds "9"]
[EventCountry "GER"]
[SourceTitle "EXT 1999"]
[Source "ChessBase"]
[SourceDate "1998.11.16"]
[SourceVersion "1"]
[SourceVersionDate "1998.11.16"]
[SourceQuality "1"]

1. e4 e5 2. Nf3 Nc6 3. Bc4 Nf6 4. d3 Be7 5. Nc3 d6 6. h3 Na5 7. Bg5 Nxc4 8. dxc4 c6 9. c5 dxc5 10. Qxd8+ Bxd8 11. Nxe5 Bc7 12. Bxf6 gxf6 13. Ng4 f5 14. exf5 Bxf5 15. 0-0-0 Rd8 16. Rhe1+ Be6 17. Rxd8+ Kxd8 18. Ne5 h5 19. h4 Bd6 20. Nf3 Bf4+ 21. Kb1 Kc7 22. g3 Bh6 23. Ne4 Bd5 24. Neg5 f6 25. Nf7 Rh7 26. Nxh6 Rxh6 27. Nd2 Rh7 28. c4 Bg2 29. Re6 Rf7 30. Ne4 b6 31. Kc1 Bxe4 32. Rxe4 Kd6 33. Re8 f5 34. Rh8 Ke5 35. Kc2 Ke4 36. Rxh5 Kf3 37. Rg5 Kxf2 38. h5 Rh7 39. Rxf5+ Kxg3 40. Rf6 Rxh5 41. Rxc6 Kf4 42. Rc7 Ke4 43. Rd7 Rh3 44. a4 Rg3 45. Kb1 Ke3 46. Ka2 Rg4 47. b3 a6 48. Rd6 b5 49. axb5 axb5 50. cxb5 Rb4 51. b6 Ke4 52. Kb2 Ke5 53. Rh6 Kd5 54. Kc3 Ke5 55. Rg6 Kd5 56. Rf6 Ke5 57. Rh6 Kd5 58. Rg6 Ke5 59. Rc6 Kd5 60. Rf6 Ke5 61. Rg6 Kd5 62. Rh6 1/2-1/2

[Event "Oberliga Nord N 9798"]
[Site "Germany"]
[Date "1997.??.??"]
[Round "?"]
[White "Behnke, Dieter"]
[Black "Ritscher, Jan Paul"]
[Result "1/2-1/2"]
[WhiteElo "2240"]
[BlackElo "2270"]
[PlyCount "36"]
[EventDate "1997.10.??"]
[EventType "team"]
[EventRounds "9"]
[EventCountry "GER"]
[SourceTitle "EXT 1999"]
[Source "ChessBase"]
[SourceDate "1998.11.16"]
[SourceVersion "1"]
[SourceVersionDate "1998.11.16"]
[SourceQuality "1"]

1. e4 Nf6 2. e5 Nd5 3. Nc3 Nxc3 4. dxc3 d6 5. Bf4 dxe5 6. Qxd8+ Kxd8 7. Bxe5 Bg4 8. h3 Bh5 9. g4 Bg6 10. 0-0-0+ Kc8 11. Bg2 c6 12. Ne2 Nd7 13. Bg3 e6 14. Nf4 Nf6 15. Nxg6 hxg6 16. c4 Bc5 17. Rd3 Bb6 18. Rhd1 Rd8 1/2-1/2

[Event "Oberliga Nord N 9798"]
[Site "Germany"]
[Date "1997.??.??"]
[Round "?"]
[White "Eschholz, Enno"]
[Black "Behnke, Dieter"]
[Result "1/2-1/2"]
[WhiteElo "2175"]
[BlackElo "2240"]
[PlyCount "45"]
[EventDate "1997.10.??"]
[EventType "team"]
[EventRounds "9"]
[EventCountry "GER"]
[SourceTitle "EXT 1999"]
[Source "ChessBase"]
[SourceDate "1998.11.16"]
[SourceVersion "1"]
[SourceVersionDate "1998.11.16"]
[SourceQuality "1"]

1. e4 c5 2. c3 d5 3. exd5 Qxd5 4. d4 cxd4 5. cxd4 e5 6. Nf3 Nc6 7. Nc3 Bb4 8. Bd2 Bxc3 9. Bxc3 e4 10. Ne5 Nxe5 11. dxe5 Ne7 12. Qxd5 Nxd5 13. Bb5+ Bd7 14. Bxd7+ Kxd7 15. 0-0-0 Ke6 16. Rhe1 Nxc3 17. bxc3 Rac8 18. Rxe4 Rxc3+ 19. Kb2 Rc6 20. Rb4 b6 21. Rbd4 Rhc8 22. Rd6+ Rxd6 23. Rxd6+ 1/2-1/2

[Event "Oberliga Nord N 9697"]
[Site "Germany"]
[Date "1997.??.??"]
[Round "?"]
[White "Mordhorst, Henning"]
[Black "Behnke, Dieter"]
[Result "0-1"]
[WhiteElo "2335"]
[BlackElo "2205"]
[PlyCount "91"]
[EventDate "1996.10.??"]
[EventType "team"]
[EventRounds "9"]
[EventCountry "GER"]
[SourceTitle "EXT 1998"]
[Source "ChessBase"]
[SourceDate "1997.11.17"]
[SourceVersion "1"]
[SourceVersionDate "1997.11.17"]
[SourceQuality "1"]

1. e4 c5 2. Nf3 Nc6 3. d4 cxd4 4. Nxd4 Nf6 5. Nc3 e5 6. Ndb5 d6 7. Bg5 a6 8. Na3 b5 9. Nd5 Be7 10. Bxf6 Bxf6 11. c3 0-0 12. Nc2 Be6 13. Nde3 Ne7 14. Nb4 Bg5 15. Ned5 a5 16. Nxe7+ Qxe7 17. Nd5 Qb7 18. Bd3 Bxd5 19. exd5 e4 20. Bc2 Rae8 21. 0-0 f5 22. b4 axb4 23. cxb4 Bf6 24. Rc1 f4 25. a4 f3 26. gxf3 Bg5 27. Rb1 exf3 28. Re1 Qc8 29. Re6 Qc4 30. Kh1 Rc8 31. Bd3 Qa2 32. Qf1 Qxd5 33. Re4 Bf4 34. Rxf4 Rxf4 35. Qh3 Qxd3 36. Qxc8+ Rf8 37. Qe6+ Kh8 38. Rg1 bxa4 39. Qd7 Qd4 40. b5 a3 41. b6 a2 42. Qa7 Rg8 43. Qa5 Qxf2 44. Qc3 h6 45. b7 Qb6 46. Qxf3 0-1